000 00850nam a2200253Ia 4500
003 OSt
005 20220928102231.0
006 a|||||r|||| 00| 0
007 ta
008 220927b |||||||| |||| 00| 0 hin d
020 _c300
024 _a125256
037 _b60, 05/11/2014, Literacy House
_cTextual
040 _aSDCL
_cSDCL
_bhin
041 _2hin
_ahin
082 _a031,1EKAw 111, Q1
100 _aSheshan M
_9397308
245 0 _aKamban aur tulsi ke naari patro ki tulna
260 _aDelhi
_bHarsh Pablication House
_c2011
300 _a15;176p
_ccm.
650 _aHindi
_9391598
942 _h031,1EKAw 111, Q1
_cTEXL
_2CC
999 _c713094
_d713094